| 000 | 00825nas a2200253 4500 | ||
|---|---|---|---|
| 001 | BR0803989 | ||
| 003 | BR-BrBNA | ||
| 005 | 20231205112418.0 | ||
| 007 | ta | ||
| 008 | 230509b bl.|||p| |||| 00| 00por d | ||
| 040 |
_aBR-BrBNA _bpor _cBiblioteca Nacional de Agricultura |
||
| 041 | _a(Es) | ||
| 072 | _aQ04 | ||
| 100 | 1 | _aBarchiesi-Ferrari, C.G. | |
| 100 | 1 | _aWilliams-Salinas, P.A. | |
| 100 | 1 | _aSalvo-Garrido, S.I. | |
| 245 | 1 | _aInestabilidad de la leche asociada a componentes lácteos y estacionalidad en vacas a pastoreo | |
| 650 | _aLEITE | ||
| 650 | _aCOMPOSIÇÃO DE ALIMENTO | ||
| 650 | _aCOMPOSIÇÃO QUIMICA | ||
| 773 | 0 |
_tPesquisa Agropecuária Brasileira (Brazil) _xISSN 0100-204X _g(Dec 2007), v. 42(12) p. 1785-1791 _wBR0803989 |
|
| 909 |
_a202311 _bLúcia _c55 _dLúcia Elande |
||
| 942 |
_2AGRIS _n0 _cANA |
||
| 999 |
_c197933 _d197933 |
||